Interkultúrne reálie vo výučbe cudzích jazykov – výskumná časť

Vvýskumná časť práce na tému „Úloha médií vo vyučovaní interkultúrnych reálií". Práca je venovaná problematike výučby predmetu Reálie s podporou internetu a vplyvu jeho používania na kvalitu krajinovedných poznatkov a písania v cudzom jazyku ako jednej zo základných jazykových komunikatívnych zručno...

Descripción completa

Guardado en:
Detalles Bibliográficos
Autor principal: Kunovská, Ingrid, 1976-
Formato: Capítulo de libro
Lenguaje:eslovaco
Materias:
Etiquetas: Agregar Etiqueta
Sin Etiquetas, Sea el primero en etiquetar este registro!

MARC

LEADER 00000nla$a2200000$$$4500
001 0120410
005 20240502072343.0
041 0 |a slo 
044 |a SK 
245 1 0 |a Interkultúrne reálie vo výučbe cudzích jazykov – výskumná časť  |c Ingrid Kunovská 
520 |a Vvýskumná časť práce na tému „Úloha médií vo vyučovaní interkultúrnych reálií". Práca je venovaná problematike výučby predmetu Reálie s podporou internetu a vplyvu jeho používania na kvalitu krajinovedných poznatkov a písania v cudzom jazyku ako jednej zo základných jazykových komunikatívnych zručností. 
610 2 0 |a vzdelávanie 
610 2 0 |a vyučovanie 
610 2 0 |a jazyky cudzie 
610 2 0 |a komunikácia 
610 2 0 |a internet 
610 2 0 |a médiá 
100 1 |a Kunovská, Ingrid, 1976-